STN P ENV 13130-4: 2002 (64 0249), Materiály a predmety prichádzajúce do styku s požívatinami. Zložky plastov s určenými hraničnými hodnotami Časť 4 Stanovenie 1,3-butadiénu v plastoch
Táto norma je identická s ENV 13130-4: 1999
| Main Author: | |
|---|---|
| Corporate Author: | |
| Other Authors: | |
| Format: | Book |
| Language: | Slovak German |
| PhysicalDescription: | 16 s. obr. 30 cm |
| Published: |
Bratislava
Slovenský ústav technickej normalizácie
2002
|
| Subjects: |
MARC
| LEADER | 00000cam a2200000 a 4500 | ||
|---|---|---|---|
| 001 | vtls008877522 | ||
| 003 | SK-MaSNL | ||
| 005 | 20260301080431.0 | ||
| 008 | 160627s2002 xo a f u 000 0 slo | ||
| 015 | |a SNBN2016 | ||
| 020 | |c (cen. skup. 11) | ||
| 040 | |a SNK |b slo |c SNK |e AACR2 | ||
| 041 | 1 | |a slo |h ger | |
| 044 | |a xo |c SK | ||
| 046 | |a s |m 200201 (účin.) | ||
| 072 | 7 | |a 678 |x Priemysel makromolekulárnych látok. Gumárenský priemysel. Priemysel plastov |2 konspekt | |
| 072 | 7 | |a 614 |x Verejné zdravie a hygiena |2 konspekt | |
| 072 | 7 | |a 543 |x Analytická chémia |2 konspekt | |
| 072 | 7 | |a 678.5 |2 2001 | |
| 072 | 7 | |a 614.31:663/664 |2 2001 | |
| 072 | 7 | |a 543.544.3 |2 2011 | |
| 072 | 7 | |a 006.86 |2 2001 | |
| 072 | 7 | |a (437.6) |2 2001 | |
| 072 | 7 | |a (4) |2 2001 | |
| 072 | 7 | |a (083) |2 2001 | |
| 072 | 7 | |a 543.51 |2 2001 | |
| 084 | |a 67.250 |2 ICS | ||
| 130 | 0 | |a STN 64 0249 (STN P ENV 13130-4) |9 402128 | |
| 245 | 1 | 0 | |a STN P ENV 13130-4: 2002 (64 0249), Materiály a predmety prichádzajúce do styku s požívatinami. Zložky plastov s určenými hraničnými hodnotami |n Časť 4 |p Stanovenie 1,3-butadiénu v plastoch |
| 246 | 1 | 0 | |a Materiály a predmety prichádzajúce do styku s požívatinami |
| 246 | 1 | 0 | |a Zložky plastov s určenými hraničnými hodnotami |
| 246 | 1 | 0 | |a Stanovenie 1,3-butadiénu v plastoch |
| 260 | |a Bratislava |b Slovenský ústav technickej normalizácie |c 2002 | ||
| 300 | |a 16 s. |b obr. |c 30 cm | ||
| 500 | |a Súbežný názov anglicky, nemecky a francúzsky | ||
| 500 | |a Spracovanie: SSTN Bratislava, Gabriela Kóciová ; SÚTN Bratislava, Ján Bakoš | ||
| 504 | |a Citované normy, súvisiace normy a súvisiace právne predpisy s. 2 | ||
| 520 | 8 | |a Táto norma je identická s ENV 13130-4: 1999 | |
| 540 | |a STN vydané na akomkoľvek nosiči sa môžu rozmnožovať a rozširovať iba so súhlasom určenej právnickej osoby |b SÚTN Bratislava |c zákon 264/1999 Z. z. | ||
| 650 | 0 | 7 | |a plasty |2 SNKPH |9 3661 |
| 650 | 0 | 7 | |a bezpečnosť potravín |2 SNKPH |9 121769 |
| 650 | 0 | 7 | |a technické normy a štandardy |z krajiny Európskej únie |2 SNKPH |9 289341 |
| 650 | 0 | 7 | |a technické normy a štandardy |z Slovensko |2 SNKPH |9 79594 |
| 650 | 0 | 7 | |a Plastics |2 SNKPHeng |9 298157 |
| 650 | 0 | 7 | |a Food safety |2 SNKPHeng |9 319766 |
| 650 | 0 | 7 | |a plynová chromatografia |2 SNKPH |9 29309 |
| 650 | 0 | 7 | |a Gas chromatography |2 SNKPHeng |9 312565 |
| 650 | 0 | 7 | |a hmotnostná spektrometria |2 SNKPH |9 50216 |
| 650 | 0 | 7 | |a Mass spectrometry |2 SNKPHeng |9 312566 |
| 655 | 7 | |a normy |2 SNKPH |9 70643 | |
| 700 | 1 | |a Kóciová, Gabriela |4 trl |9 303929 | |
| 700 | 1 | |a Bakoš, Ján, |c Ing. |4 aut |9 346511 | |
| 710 | 2 | |a Slovenská spoločnosť pre technickú normalizáciu |4 trl |9 36642 | |
| 710 | 2 | |a Slovenský ústav technickej normalizácie |4 stn |9 32706 | |
| 852 | |a Štátna vedecká knižnica v Banskej Bystrici | ||
| 958 | |a NB | ||
| 958 | |a OP | ||
| 999 | |c 653170 |d 655100 | ||
| 952 | |a SNK |b SNK |y PREZ |7 0 |p 17A0528916 |o snkSTN P ENV 13130-4 |i snk2006/23608 |8 0 |0 0 |1 0 |4 0 |d 2006-11-10 |l 0 |r 2026-02-23 18:27:56 |w 2026-02-23 | ||
| 952 | |a SNK |b SNK |y PREZ |7 0 |p 17A0528915 |o snkSTN P ENV 13130-4 D1 |i snk2006/23609 |8 0 |0 0 |1 0 |4 0 |d 2006-11-10 |l 0 |r 2026-02-23 18:27:56 |w 2026-02-23 | ||


